000 00411nam a2200109Ia 4500
008 160909s9999 xx 000 0 und d
100 _aBellows, Dustin Fredrick
245 _aExamination of Exterior Wall Assemblies Using a Full Costs Accounting Framework and Benefit Costs Analysis
260 _bPrescott College
_c2016
650 _aMASS COM
856 _uhttp://pqdtopen.proquest.com/doc/1796235862.html?FMT=ABS
999 _c304267
_d304267